[Event "9th Vellmar Chess Days"]
[Site "chess24.com"]
[Date "2017.07.15"]
[Round "4"]
[White "Garbe, Ralf"]
[Black "Thomasson, Staffan"]
[Result "1-0"]
[Board "21"]
[WhiteElo "2213"]
[WhiteCountry "GER"]
[WhiteFideId "4651022"]
[WhiteEloChange "3"]
[BlackElo "1921"]
[BlackCountry "SWE"]
[BlackFideId "1706284"]
[BlackEloChange "-3"]

1. e4 {[%clk 1:30:54]} c5 {[%clk 1:30:31]} 2. Nf3 {[%clk 1:31:18]} g6 {[%clk
1:30:56]} 3. d3 {[%clk 1:31:39]} Bg7 {[%clk 1:31:18]} 4. g3 {[%clk 1:32:05]} Nc6
{[%clk 1:29:59]} 5. Bg2 {[%clk 1:32:23]} d6 {[%clk 1:29:50]} 6. O-O {[%clk
1:32:45]} Nf6 {[%clk 1:30:15]} 7. Nbd2 {[%clk 1:33:08]} O-O {[%clk 1:29:52]} 8.
Re1 {[%clk 1:33:16]} Rb8 {[%clk 1:29:29]} 9. a4 {[%clk 1:33:29]} a6 {[%clk
1:29:28]} 10. c3 {[%clk 1:33:00]} b5 {[%clk 1:28:53]} 11. axb5 {[%clk 1:33:28]}
axb5 {[%clk 1:29:17]} 12. h3 {[%clk 1:33:45]} Nd7 {[%clk 1:22:56]} 13. Qc2 {[%clk
1:33:36]} Qb6 {[%clk 1:16:21]} 14. Nf1 {[%clk 1:30:11]} Ba6 {[%clk 1:06:31]} 15.
Ne3 {[%clk 1:29:37]} e6 {[%clk 1:06:39]} 16. Nd2 {[%clk 1:14:26]} Rfc8 {[%clk
1:01:05]} 17. f4 {[%clk 1:14:01]} Ne7 {[%clk 0:32:26]} 18. Kh2 {[%clk 1:14:12]}
e5 {[%clk 0:31:45]} 19. f5 {[%clk 1:07:39]} c4 {[%clk 0:31:00]} 20. dxc4 {[%clk
0:50:04]} bxc4 {[%clk 0:31:08]} 21. fxg6 {[%clk 0:48:08]} hxg6 {[%clk 0:23:52]}
22. Bf1 {[%clk 0:47:53]} d5 {[%clk 0:18:23]} 23. exd5 {[%clk 0:47:27]} Nxd5
{[%clk 0:16:07]} 24. Nxd5 {[%clk 0:30:22]} Qf2+ {[%clk 0:15:18]} 25. Bg2 {[%clk
0:30:47]} Bb7 {[%clk 0:14:47]} 26. Rf1 {[%clk 0:27:14]} Qc5 {[%clk 0:05:43]} 27.
Nb4 {[%clk 0:21:32]} Bxg2 {[%clk 0:04:17]} 28. Kxg2 {[%clk 0:22:01]} f5 {[%clk
0:04:06]} 29. Nf3 {[%clk 0:20:43]} e4 {[%clk 0:03:38]} 30. Ng5 {[%clk 0:20:03]}
Rb6 {[%clk 0:03:13]} 31. Bf4 {[%clk 0:16:10]} Ne5 {[%clk 0:02:39]} 32. Qf2 {[%clk
0:05:17]} Qb5 {[%clk 0:02:59]} 33. Bxe5 {[%clk 0:04:19]} Bxe5 {[%clk 0:02:22]}
34. Rfd1 {[%clk 0:04:39]} Bd6 {[%clk 0:02:24]} 35. Rd5 {[%clk 0:04:18]} Qe8
{[%clk 0:02:17]} 36. Qxb6 {[%clk 0:04:40]} 1-0

[Event "9th Vellmar Chess Days"]
[Site "chess24.com"]
[Date "2017.07.15"]
[Round "4"]
[White "Everett, Elijah"]
[Black "Zell, Daniel"]
[Result "1-0"]
[Board "22"]
[WhiteElo "2167"]
[WhiteCountry "GER"]
[WhiteFideId "12973696"]
[WhiteEloChange "4"]
[BlackElo "1938"]
[BlackCountry "GER"]
[BlackFideId "12937940"]
[BlackEloChange "-4"]

1. e4 {[%clk 1:24:05]} e5 {[%clk 1:30:58]} 2. Nf3 {[%clk 1:24:00]} Nc6 {[%clk
1:31:23]} 3. Bb5 {[%clk 1:24:20]} Nf6 {[%clk 1:31:12]} 4. d3 {[%clk 1:24:06]} d6
{[%clk 1:30:56]} 5. Nbd2 {[%clk 1:23:53]} Be7 {[%clk 1:30:51]} 6. c3 {[%clk
1:24:13]} O-O {[%clk 1:31:11]} 7. O-O {[%clk 1:24:31]} Bg4 {[%clk 1:31:30]} 8. h3
{[%clk 1:24:27]} Bh5 {[%clk 1:31:46]} 9. Re1 {[%clk 1:24:14]} a6 {[%clk 1:31:54]}
10. Ba4 {[%clk 1:24:35]} b5 {[%clk 1:31:58]} 11. Bc2 {[%clk 1:24:37]} Qd7 {[%clk
1:28:57]} 12. Nf1 {[%clk 1:23:24]} h6 {[%clk 1:23:11]} 13. Ng3 {[%clk 1:19:52]}
Bg6 {[%clk 1:23:33]} 14. d4 {[%clk 1:17:41]} Rfe8 {[%clk 1:22:20]} 15. Nh4 {[%clk
1:11:17]} Bf8 {[%clk 1:13:35]} 16. Nxg6 {[%clk 1:06:12]} fxg6 {[%clk 1:14:00]}
17. f4 {[%clk 1:02:04]} Nd8 {[%clk 1:05:41]} 18. Qf3 {[%clk 0:56:41]} Nf7 {[%clk
1:01:31]} 19. Be3 {[%clk 0:54:50]} a5 {[%clk 0:53:44]} 20. Rad1 {[%clk 0:50:13]}
Qc6 {[%clk 0:50:05]} 21. Re2 {[%clk 0:42:55]} a4 {[%clk 0:48:53]} 22. a3 {[%clk
0:37:05]} Rad8 {[%clk 0:37:48]} 23. Red2 {[%clk 0:35:12]} Be7 {[%clk 0:34:41]}
24. Bd3 {[%clk 0:32:31]} Rf8 {[%clk 0:32:46]} 25. Qe2 {[%clk 0:28:50]} Rb8 {[%clk
0:32:42]} 26. Rc2 {[%clk 0:27:20]} Qb7 {[%clk 0:31:18]} 27. Rb1 {[%clk 0:22:09]}
c6 {[%clk 0:27:17]} 28. b3 {[%clk 0:20:12]} axb3 {[%clk 0:27:39]} 29. Rxb3 {[%clk
0:20:36]} Qa8 {[%clk 0:25:49]} 30. Rcb2 {[%clk 0:18:29]} Rbc8 {[%clk 0:16:19]}
31. Kh2 {[%clk 0:13:29]} Rfd8 {[%clk 0:13:27]} 32. c4 {[%clk 0:12:10]} bxc4
{[%clk 0:13:51]} 33. Bxc4 {[%clk 0:12:35]} d5 {[%clk 0:13:52]} 34. Ba6 {[%clk
0:12:09]} Rb8 {[%clk 0:10:31]} 35. fxe5 {[%clk 0:10:22]} Rxb3 {[%clk 0:10:26]}
36. Rxb3 {[%clk 0:10:35]} Nxe4 {[%clk 0:10:20]} 37. Nxe4 {[%clk 0:10:58]} dxe4
{[%clk 0:10:55]} 38. Qc4 {[%clk 0:09:46]} c5 {[%clk 0:08:06]} 39. Bb7 {[%clk
0:08:39]} Qa7 {[%clk 0:08:07]} 40. Bd5 {[%clk 0:08:42]} Kh7 {[%clk 0:06:24]} 41.
Bxf7 {[%clk 0:06:45]} cxd4 {[%clk 0:06:47]} 42. Bg1 {[%clk 0:06:37]} Bg5 {[%clk
0:04:50]} 43. Qe6 {[%clk 0:06:18]} Qe7 {[%clk 0:04:34]} 44. Bxg6+ {[%clk
0:05:59]} Kh8 {[%clk 0:05:04]} 45. Qxe7 {[%clk 0:06:18]} Bxe7 {[%clk 0:05:24]}
46. Bxe4 {[%clk 0:06:42]} 1-0

[Event "9th Vellmar Chess Days"]
[Site "chess24.com"]
[Date "2017.07.15"]
[Round "4"]
[White "Schubert, Matthias"]
[Black "Heinelt, Manfred"]
[Result "0-1"]
[Board "23"]
[WhiteElo "1916"]
[WhiteCountry "GER"]
[WhiteFideId "24661139"]
[WhiteEloChange "-4"]
[BlackElo "2153"]
[BlackCountry "GER"]
[BlackFideId "4656695"]
[BlackEloChange "4"]

1. e4 {[%clk 1:30:53]} c5 {[%clk 1:30:51]} 2. Nf3 {[%clk 1:31:05]} e6 {[%clk
1:31:09]} 3. d4 {[%clk 1:30:34]} cxd4 {[%clk 1:31:31]} 4. Nxd4 {[%clk 1:30:59]}
Nf6 {[%clk 1:31:56]} 5. Nc3 {[%clk 1:30:44]} d6 {[%clk 1:32:16]} 6. Bg5 {[%clk
1:31:09]} Be7 {[%clk 1:32:36]} 7. f4 {[%clk 1:30:44]} h6 {[%clk 1:30:15]} 8. Bxf6
{[%clk 1:16:01]} Bxf6 {[%clk 1:30:24]} 9. Ndb5 {[%clk 1:05:31]} Be7 {[%clk
1:30:19]} 10. Qd2 {[%clk 1:00:02]} a6 {[%clk 1:30:35]} 11. Nd4 {[%clk 0:59:56]}
O-O {[%clk 1:27:21]} 12. O-O-O {[%clk 0:59:38]} b5 {[%clk 1:26:12]} 13. Kb1
{[%clk 0:54:08]} b4 {[%clk 1:12:30]} 14. Na4 {[%clk 0:50:44]} e5 {[%clk 0:53:38]}
15. Nf5 {[%clk 0:46:14]} Bxf5 {[%clk 0:49:39]} 16. exf5 {[%clk 0:46:26]} exf4
{[%clk 0:39:18]} 17. Qxf4 {[%clk 0:40:51]} Qa5 {[%clk 0:29:47]} 18. b3 {[%clk
0:37:07]} Nc6 {[%clk 0:27:17]} 19. Bc4 {[%clk 0:33:05]} Ne5 {[%clk 0:25:14]} 20.
Rd5 {[%clk 0:23:59]} Qc7 {[%clk 0:25:07]} 21. Rhd1 {[%clk 0:20:22]} Rfc8 {[%clk
0:22:30]} 22. Nb2 {[%clk 0:17:03]} a5 {[%clk 0:22:18]} 23. f6 {[%clk 0:15:42]}
Bxf6 {[%clk 0:21:14]} 24. Rxd6 {[%clk 0:15:51]} Nxc4 {[%clk 0:20:18]} 25. Nxc4
{[%clk 0:15:53]} Ra6 {[%clk 0:16:28]} 26. Qe4 {[%clk 0:10:53]} Rxd6 {[%clk
0:14:33]} 27. Rxd6 {[%clk 0:11:11]} Qc5 {[%clk 0:14:31]} 28. Rd1 {[%clk 0:09:47]}
a4 {[%clk 0:13:39]} 29. h3 {[%clk 0:04:55]} Qf2 {[%clk 0:09:43]} 30. Qg4 {[%clk
0:04:23]} Re8 {[%clk 0:04:53]} 31. Qf3 {[%clk 0:03:18]} Re1 {[%clk 0:03:24]} 32.
Nb2 {[%clk 0:02:10]} Bxb2 {[%clk 0:03:07]} 33. Kxb2 {[%clk 0:01:35]} Qd4+ {[%clk
0:02:59]} 34. Kc1 {[%clk 0:00:31]} Qa1+ {[%clk 0:00:37]} 35. Kd2 {[%clk 0:00:53]}
Rxd1+ {[%clk 0:01:00]} 36. Qxd1 {[%clk 0:01:12]} Qxa2 {[%clk 0:01:19]} 37. Ke3
{[%clk 0:00:49]} a3 {[%clk 0:01:08]} 38. Qd8+ {[%clk 0:00:46]} Kh7 {[%clk
0:01:30]} 39. Qd3+ {[%clk 0:01:05]} Kg8 {[%clk 0:01:23]} 40. Qd8+ {[%clk
0:01:30]} Kh7 {[%clk 0:01:46]} 41. Qd3+ {[%clk 0:01:51]} g6 {[%clk 0:02:09]} 42.
Qc4 {[%clk 0:01:14]} Qb2 {[%clk 0:02:06]} 43. Qxf7+ {[%clk 0:00:36]} Qg7 {[%clk
0:02:27]} 0-1

[Event "9th Vellmar Chess Days"]
[Site "chess24.com"]
[Date "2017.07.15"]
[Round "4"]
[White "Stoeber, Alexander"]
[Black "Lehnert, Michael"]
[Result "0-1"]
[Board "24"]
[WhiteElo "2092"]
[WhiteCountry "GER"]
[WhiteFideId "16211766"]
[WhiteEloChange "-15"]
[BlackElo "1899"]
[BlackCountry "GER"]
[BlackFideId "4610210"]
[BlackEloChange "15"]

1. e4 {[%clk 1:30:55]} g6 {[%clk 1:30:48]} 2. d4 {[%clk 1:31:20]} Bg7 {[%clk
1:30:56]} 3. Nc3 {[%clk 1:31:38]} d6 {[%clk 1:30:54]} 4. Be3 {[%clk 1:31:31]} e6
{[%clk 1:30:06]} 5. Qd2 {[%clk 1:31:36]} a6 {[%clk 1:28:23]} 6. Nf3 {[%clk
1:30:59]} Nd7 {[%clk 1:27:26]} 7. Be2 {[%clk 1:29:56]} b6 {[%clk 1:26:05]} 8. Bg5
{[%clk 1:29:08]} f6 {[%clk 1:25:30]} 9. Be3 {[%clk 1:28:58]} Bb7 {[%clk 1:24:42]}
10. O-O {[%clk 1:28:57]} Ne7 {[%clk 1:21:42]} 11. Rad1 {[%clk 1:29:07]} O-O
{[%clk 1:20:23]} 12. a4 {[%clk 1:20:41]} Qe8 {[%clk 1:07:15]} 13. Bc4 {[%clk
1:17:31]} d5 {[%clk 1:04:20]} 14. exd5 {[%clk 1:17:43]} exd5 {[%clk 1:04:09]} 15.
Bd3 {[%clk 1:17:26]} Rc8 {[%clk 1:00:23]} 16. Rfe1 {[%clk 1:16:54]} Qf7 {[%clk
1:00:28]} 17. Bh6 {[%clk 1:16:25]} c5 {[%clk 0:58:44]} 18. Bxg7 {[%clk 1:16:31]}
Kxg7 {[%clk 0:59:10]} 19. Qe2 {[%clk 1:12:06]} Rfe8 {[%clk 0:57:39]} 20. Qe6
{[%clk 1:10:18]} Qxe6 {[%clk 0:54:28]} 21. Rxe6 {[%clk 1:10:34]} c4 {[%clk
0:52:49]} 22. Bf1 {[%clk 1:10:44]} Nf5 {[%clk 0:52:26]} 23. Rde1 {[%clk 1:09:41]}
Rxe6 {[%clk 0:51:48]} 24. Rxe6 {[%clk 1:09:56]} Kf7 {[%clk 0:52:04]} 25. Re1
{[%clk 1:10:01]} Nd6 {[%clk 0:46:49]} 26. g3 {[%clk 1:09:59]} b5 {[%clk 0:46:09]}
27. Bh3 {[%clk 1:08:49]} Rc7 {[%clk 0:45:18]} 28. Be6+ {[%clk 1:08:41]} Kf8
{[%clk 0:45:11]} 29. Bxd5 {[%clk 1:01:22]} b4 {[%clk 0:44:07]} 30. Bxb7 {[%clk
1:01:36]} bxc3 {[%clk 0:44:30]} 31. Bxa6 {[%clk 1:01:23]} cxb2 {[%clk 0:44:40]}
32. c3 {[%clk 1:00:46]} Ra7 {[%clk 0:44:01]} 33. Rb1 {[%clk 0:54:55]} Rxa6 {[%clk
0:43:59]} 34. Rxb2 {[%clk 0:55:21]} Rxa4 {[%clk 0:44:17]} 35. d5 {[%clk 0:54:00]}
Ra1+ {[%clk 0:41:45]} 36. Kg2 {[%clk 0:54:24]} Rc1 {[%clk 0:38:04]} 37. Nd4
{[%clk 0:53:57]} Rxc3 {[%clk 0:36:37]} 38. Re2 {[%clk 0:54:17]} Ne5 {[%clk
0:31:47]} 39. f4 {[%clk 0:53:54]} Nef7 {[%clk 0:32:02]} 40. Ne6+ {[%clk 0:53:28]}
Kg8 {[%clk 0:31:51]} 41. Ra2 {[%clk 0:53:45]} Ne8 {[%clk 0:31:00]} 42. Ra8 {[%clk
0:53:59]} Nd6 {[%clk 0:30:45]} 43. Ra7 {[%clk 0:53:21]} Rd3 {[%clk 0:28:24]} 44.
Ra8 {[%clk 0:53:03]} c3 {[%clk 0:28:20]} 45. Nc5 {[%clk 0:52:31]} Rd2+ {[%clk
0:23:45]} 46. Kf3 {[%clk 0:52:13]} c2 {[%clk 0:21:40]} 47. Nd7 {[%clk 0:51:16]}
c1Q {[%clk 0:20:54]} 48. Nxf6+ {[%clk 0:51:42]} Kf7 {[%clk 0:21:07]} 49. Nxh7
{[%clk 0:51:34]} Qd1+ {[%clk 0:21:05]} 0-1

[Event "9th Vellmar Chess Days"]
[Site "chess24.com"]
[Date "2017.07.15"]
[Round "4"]
[White "Hettler, Wolfgang"]
[Black "Henkemeier, Michael"]
[Result "1/2-1/2"]
[Board "25"]
[WhiteElo "2040"]
[WhiteCountry "GER"]
[WhiteFideId "4677706"]
[WhiteEloChange "-4"]
[BlackElo "1879"]
[BlackCountry "GER"]
[BlackFideId "24611379"]
[BlackEloChange "4"]

1. e4 {[%clk 1:29:09]} c6 {[%clk 1:30:53]} 2. d4 {[%clk 1:29:28]} d5 {[%clk
1:31:15]} 3. e5 {[%clk 1:29:16]} c5 {[%clk 1:31:38]} 4. dxc5 {[%clk 1:25:46]} e6
{[%clk 1:31:44]} 5. Nf3 {[%clk 1:26:01]} Bxc5 {[%clk 1:28:44]} 6. Bd3 {[%clk
1:26:07]} Ne7 {[%clk 1:26:57]} 7. O-O {[%clk 1:25:46]} Nbc6 {[%clk 1:25:12]} 8.
Bg5 {[%clk 1:22:19]} Qc7 {[%clk 1:22:56]} 9. Qe1 {[%clk 1:18:49]} Ng6 {[%clk
1:20:19]} 10. Bxg6 {[%clk 1:17:54]} hxg6 {[%clk 1:20:13]} 11. c3 {[%clk 1:17:56]}
Bd7 {[%clk 1:15:05]} 12. Qe2 {[%clk 1:14:41]} Rh5 {[%clk 1:05:11]} 13. Bf4 {[%clk
1:14:59]} a6 {[%clk 0:58:25]} 14. Re1 {[%clk 1:13:22]} Ke7 {[%clk 0:50:54]} 15.
Nbd2 {[%clk 1:10:51]} Rah8 {[%clk 0:50:42]} 16. Nb3 {[%clk 1:10:23]} Ba7 {[%clk
0:50:10]} 17. Rad1 {[%clk 1:10:29]} b5 {[%clk 0:42:04]} 18. Qd2 {[%clk 1:00:47]}
Na5 {[%clk 0:36:51]} 19. Nxa5 {[%clk 0:52:42]} Qxa5 {[%clk 0:37:13]} 20. Ng5
{[%clk 0:50:47]} Rc8 {[%clk 0:31:55]} 21. Ne4 {[%clk 0:45:28]} Rc6 {[%clk
0:27:12]} 22. Bg5+ {[%clk 0:38:40]} Kf8 {[%clk 0:25:43]} 23. Nd6 {[%clk 0:38:42]}
Qa4 {[%clk 0:22:46]} 24. Bf4 {[%clk 0:35:58]} Bb8 {[%clk 0:22:31]} 25. Bg3 {[%clk
0:32:51]} Bxd6 {[%clk 0:21:45]} 26. exd6 {[%clk 0:33:07]} Qxa2 {[%clk 0:22:04]}
27. Ra1 {[%clk 0:27:23]} Qc4 {[%clk 0:22:13]} 28. Qe3 {[%clk 0:27:21]} d4 {[%clk
0:18:12]} 29. cxd4 {[%clk 0:27:22]} Qd5 {[%clk 0:12:43]} 30. Red1 {[%clk
0:26:11]} f6 {[%clk 0:12:54]} 31. Qa3 {[%clk 0:26:20]} Kf7 {[%clk 0:13:07]} 32.
Qa5 {[%clk 0:26:31]} Rh8 {[%clk 0:13:25]} 33. h4 {[%clk 0:25:58]} Rhc8 {[%clk
0:13:36]} 34. Qe1 {[%clk 0:26:01]} Ra8 {[%clk 0:12:50]} 35. Ra3 {[%clk 0:22:55]}
Rc4 {[%clk 0:12:06]} 36. Rad3 {[%clk 0:21:18]} Rc2 {[%clk 0:10:44]} 37. Rc3
{[%clk 0:20:38]} Rxc3 {[%clk 0:10:35]} 38. Qxc3 {[%clk 0:20:42]} Rc8 {[%clk
0:10:42]} 39. Qa5 {[%clk 0:21:01]} Qc6 {[%clk 0:06:32]} 40. Ra1 {[%clk 0:19:54]}
Ra8 {[%clk 0:06:48]} 41. Qd2 {[%clk 0:19:56]} Qd5 {[%clk 0:06:41]} 42. Qc3 {[%clk
0:17:50]} Rc8 {[%clk 0:05:39]} 43. Qe3 {[%clk 0:17:52]} Rc6 {[%clk 0:05:43]} 44.
Rc1 {[%clk 0:15:20]} Rxc1+ {[%clk 0:03:22]} 45. Qxc1 {[%clk 0:14:29]} Bc6 {[%clk
0:03:39]} 46. f3 {[%clk 0:14:45]} Qxd4+ {[%clk 0:03:52]} 47. Kh2 {[%clk 0:14:55]}
Qd5 {[%clk 0:04:17]} 48. Qe3 {[%clk 0:15:07]} Bd7 {[%clk 0:31:27]} 49. Qa7 {[%clk
0:46:49]} Qc6 {[%clk 0:31:45]} 50. Qb8 {[%clk 0:47:05]} Qc8 {[%clk 0:31:53]} 51.
Qb6 {[%clk 0:47:21]} e5 {[%clk 0:31:51]} 52. Be1 {[%clk 0:47:02]} Ke6 {[%clk
0:28:52]} 53. Bc3 {[%clk 0:46:08]} Kf5 {[%clk 0:24:01]} 54. Qe3 {[%clk 0:45:02]}
Qc6 {[%clk 0:21:34]} 55. Qd2 {[%clk 0:43:27]} Ke6 {[%clk 0:20:54]} 56. Qd3 {[%clk
0:41:40]} Qxd6 {[%clk 0:19:48]} 57. Qxg6 {[%clk 0:41:58]} Qe7 {[%clk 0:19:34]}
58. f4 {[%clk 0:41:59]} exf4 {[%clk 0:16:34]} 59. Qe4+ {[%clk 0:36:22]} Kf7
{[%clk 0:16:48]} 60. Qxf4 {[%clk 0:36:38]} Bc6 {[%clk 0:15:31]} 61. Qg4 {[%clk
0:34:50]} Qd6+ {[%clk 0:15:27]} 62. Kg1 {[%clk 0:34:55]} Qd5 {[%clk 0:15:40]} 63.
Kh2 {[%clk 0:34:00]} g6 {[%clk 0:15:25]} 64. Qg3 {[%clk 0:33:58]} Qe4 {[%clk
0:12:45]} 65. Qc7+ {[%clk 0:34:04]} Ke6 {[%clk 0:12:45]} 66. Qc8+ {[%clk
0:34:10]} Kd5 {[%clk 0:12:55]} 67. Qxa6 {[%clk 0:32:37]} Ke6 {[%clk 0:09:59]} 68.
Qc8+ {[%clk 0:32:48]} Kf7 {[%clk 0:09:11]} 1/2-1/2

[Event "9th Vellmar Chess Days"]
[Site "chess24.com"]
[Date "2017.07.15"]
[Round "4"]
[White "Tuhacek, Christian"]
[Black "Gerhardt, Dirk"]
[Result "0-1"]
[Board "26"]
[WhiteElo "2027"]
[WhiteCountry "GER"]
[WhiteFideId "24630748"]
[WhiteEloChange "-14"]
[BlackElo "1878"]
[BlackCountry "GER"]
[BlackFideId "4665139"]
[BlackEloChange "14"]

1. Nc3 {[%clk 1:30:44]} d5 {[%clk 1:24:51]} 2. e4 {[%clk 1:31:05]} c6 {[%clk
1:24:50]} 3. d3 {[%clk 1:29:37]} g6 {[%clk 1:21:20]} 4. Bd2 {[%clk 1:28:40]} Bg7
{[%clk 1:21:38]} 5. Qc1 {[%clk 1:28:48]} e6 {[%clk 1:11:49]} 6. Nge2 {[%clk
1:24:54]} Nd7 {[%clk 1:08:47]} 7. Ng3 {[%clk 1:24:09]} Nc5 {[%clk 1:06:26]} 8. h4
{[%clk 1:18:53]} h5 {[%clk 1:05:42]} 9. Be2 {[%clk 1:06:49]} b5 {[%clk 0:58:28]}
10. f4 {[%clk 0:57:54]} Bf6 {[%clk 0:53:22]} 11. Nf1 {[%clk 0:43:00]} Bxh4+
{[%clk 0:51:52]} 12. g3 {[%clk 0:43:20]} Bf6 {[%clk 0:50:54]} 13. e5 {[%clk
0:40:35]} Bg7 {[%clk 0:46:14]} 14. d4 {[%clk 0:38:25]} Nd7 {[%clk 0:43:21]} 15.
Nd1 {[%clk 0:35:26]} Qb6 {[%clk 0:40:47]} 16. c3 {[%clk 0:35:01]} a5 {[%clk
0:34:38]} 17. a3 {[%clk 0:34:08]} a4 {[%clk 0:31:54]} 18. Nf2 {[%clk 0:30:11]}
Nh6 {[%clk 0:26:40]} 19. Bd3 {[%clk 0:28:16]} Nf5 {[%clk 0:20:51]} 20. Bxf5
{[%clk 0:17:54]} exf5 {[%clk 0:20:56]} 21. Be3 {[%clk 0:17:43]} Nf8 {[%clk
0:20:28]} 22. Nd3 {[%clk 0:17:44]} Ne6 {[%clk 0:19:03]} 23. Qd2 {[%clk 0:17:34]}
Rg8 {[%clk 0:16:09]} 24. Nh2 {[%clk 0:16:32]} Bf8 {[%clk 0:16:25]} 25. Qf2 {[%clk
0:14:02]} Ra7 {[%clk 0:15:55]} 26. Nf3 {[%clk 0:13:23]} Be7 {[%clk 0:15:56]} 27.
O-O-O {[%clk 0:12:46]} Rc7 {[%clk 0:16:17]} 28. Nc5 {[%clk 0:11:50]} Qa7 {[%clk
0:10:20]} 29. Rde1 {[%clk 0:08:00]} Nf8 {[%clk 0:08:31]} 30. Kb1 {[%clk 0:07:09]}
Be6 {[%clk 0:08:56]} 31. Qd2 {[%clk 0:05:24]} Nd7 {[%clk 0:08:43]} 32. Nxd7
{[%clk 0:04:00]} Kxd7 {[%clk 0:09:01]} 33. Qf2 {[%clk 0:04:11]} Qa8 {[%clk
0:07:50]} 34. Rh2 {[%clk 0:03:45]} Rgc8 {[%clk 0:06:56]} 35. Rd1 {[%clk 0:03:25]}
Ke8 {[%clk 0:07:03]} 36. Re1 {[%clk 0:02:17]} Qa5 {[%clk 0:06:06]} 37. Ng5 {[%clk
0:01:25]} c5 {[%clk 0:05:28]} 38. Nxe6 {[%clk 0:01:50]} fxe6 {[%clk 0:05:51]} 39.
dxc5 {[%clk 0:02:14]} Bxc5 {[%clk 0:05:53]} 40. Bxc5 {[%clk 0:02:23]} Rxc5 {[%clk
0:06:22]} 41. Rhh1 {[%clk 0:00:53]} Rc4 {[%clk 0:06:29]} 42. Rd1 {[%clk 0:29:10]}
Qc7 {[%clk 0:37:13]} 43. Rd4 {[%clk 0:20:52]} Qc5 {[%clk 0:35:32]} 44. Rhd1
{[%clk 0:19:27]} Qe7 {[%clk 0:35:22]} 45. Qh2 {[%clk 0:18:03]} Kf7 {[%clk
0:34:59]} 46. Qh4 {[%clk 0:13:30]} Rxd4 {[%clk 0:31:12]} 47. Rxd4 {[%clk
0:13:35]} Rc4 {[%clk 0:30:57]} 48. Kc2 {[%clk 0:12:47]} Rc7 {[%clk 0:28:20]} 49.
Kd3 {[%clk 0:10:05]} Ke8 {[%clk 0:27:53]} 50. Qxe7+ {[%clk 0:10:00]} Kxe7 {[%clk
0:28:05]} 51. Rb4 {[%clk 0:10:26]} Rb7 {[%clk 0:26:44]} 52. Kd4 {[%clk 0:10:26]}
g5 {[%clk 0:20:44]} 53. fxg5 {[%clk 0:10:26]} Kf7 {[%clk 0:20:44]} 54. Ke3 {[%clk
0:10:26]} Kg6 {[%clk 0:21:10]} 55. Kf4 {[%clk 0:10:50]} Rc7 {[%clk 0:20:39]} 56.
Rxb5 {[%clk 0:10:27]} Rc4+ {[%clk 0:21:05]} 57. Kf3 {[%clk 0:10:54]} Re4 {[%clk
0:20:45]} 58. Ra5 {[%clk 0:07:10]} Kxg5 {[%clk 0:21:06]} 59. Ra8 {[%clk 0:06:28]}
Kg6 {[%clk 0:20:08]} 60. Rg8+ {[%clk 0:06:34]} Kf7 {[%clk 0:20:03]} 61. Rh8
{[%clk 0:06:44]} Rxe5 {[%clk 0:20:01]} 62. Rxh5 {[%clk 0:06:27]} Re1 {[%clk
0:18:01]} 63. Rh2 {[%clk 0:06:23]} Rb1 {[%clk 0:16:50]} 64. Kf4 {[%clk 0:05:57]}
Kg6 {[%clk 0:16:44]} 65. Re2 {[%clk 0:06:02]} Kf6 {[%clk 0:16:55]} 66. Rh2 {[%clk
0:05:14]} e5+ {[%clk 0:16:11]} 67. Ke3 {[%clk 0:04:58]} Kg5 {[%clk 0:16:33]} 68.
Rd2 {[%clk 0:04:52]} Kg4 {[%clk 0:12:44]} 69. Kf2 {[%clk 0:02:41]} f4 {[%clk
0:11:54]} 70. gxf4 {[%clk 0:02:59]} Kxf4 {[%clk 0:12:10]} 71. Re2 {[%clk
0:02:37]} e4 {[%clk 0:11:40]} 72. Kg2 {[%clk 0:02:41]} e3 {[%clk 0:10:31]} 73.
Rc2 {[%clk 0:03:01]} Ke4 {[%clk 0:09:44]} 74. c4 {[%clk 0:01:53]} d4 {[%clk
0:06:38]} 75. c5 {[%clk 0:02:16]} d3 {[%clk 0:06:55]} 76. Rc4+ {[%clk 0:02:26]}
Kd5 {[%clk 0:07:05]} 77. c6 {[%clk 0:02:24]} Rxb2+ {[%clk 0:05:14]} 78. Kf3
{[%clk 0:02:41]} d2 {[%clk 0:05:39]} 79. c7 {[%clk 0:01:27]} d1Q+ {[%clk
0:05:40]} 0-1

[Event "9th Vellmar Chess Days"]
[Site "chess24.com"]
[Date "2017.07.15"]
[Round "4"]
[White "Wiewesiek, Timo"]
[Black "Wehr, Alexander"]
[Result "1/2-1/2"]
[Board "27"]
[WhiteElo "1993"]
[WhiteCountry "GER"]
[WhiteFideId "12920193"]
[WhiteEloChange "-5"]
[BlackElo "1785"]
[BlackCountry "GER"]
[BlackFideId "24628913"]
[BlackEloChange "5"]

1. e4 {[%clk 1:28:58]} d6 {[%clk 1:30:28]} 2. Nc3 {[%clk 1:29:22]} g6 {[%clk
1:30:46]} 3. f4 {[%clk 1:29:46]} Bg7 {[%clk 1:31:10]} 4. Nf3 {[%clk 1:30:12]} c6
{[%clk 1:31:04]} 5. d4 {[%clk 1:28:16]} Nf6 {[%clk 1:30:39]} 6. Bd3 {[%clk
1:27:07]} Bg4 {[%clk 1:27:12]} 7. h3 {[%clk 1:17:36]} Bxf3 {[%clk 1:27:01]} 8.
Qxf3 {[%clk 1:18:00]} e6 {[%clk 1:27:24]} 9. O-O {[%clk 1:15:02]} O-O {[%clk
1:27:17]} 10. Ne2 {[%clk 1:13:13]} d5 {[%clk 1:19:07]} 11. e5 {[%clk 1:00:35]}
Nfd7 {[%clk 1:19:12]} 12. g4 {[%clk 1:00:14]} c5 {[%clk 1:19:37]} 13. c3 {[%clk
1:00:00]} f5 {[%clk 1:17:45]} 14. gxf5 {[%clk 0:57:09]} gxf5 {[%clk 1:18:09]} 15.
Be3 {[%clk 0:51:12]} Qe7 {[%clk 1:09:29]} 16. Ng3 {[%clk 0:37:52]} Nc6 {[%clk
1:08:25]} 17. Rf2 {[%clk 0:34:42]} Kh8 {[%clk 1:08:06]} 18. Kh1 {[%clk 0:33:28]}
Rg8 {[%clk 1:08:09]} 19. Rg1 {[%clk 0:33:33]} Raf8 {[%clk 1:06:55]} 20. Rfg2
{[%clk 0:30:21]} cxd4 {[%clk 1:01:04]} 21. cxd4 {[%clk 0:28:52]} Qb4 {[%clk
1:00:33]} 22. Nh5 {[%clk 0:18:08]} Bh6 {[%clk 1:00:13]} 23. Nf6 {[%clk 0:12:11]}
Rxg2 {[%clk 0:59:23]} 24. Qxg2 {[%clk 0:12:22]} Nxf6 {[%clk 0:59:41]} 25. exf6
{[%clk 0:12:46]} Qd6 {[%clk 0:59:33]} 26. Qg3 {[%clk 0:11:05]} Qd8 {[%clk
0:52:02]} 27. Bb5 {[%clk 0:10:25]} Qxf6 {[%clk 0:48:40]} 28. Bxc6 {[%clk
0:10:28]} bxc6 {[%clk 0:49:05]} 29. Qf3 {[%clk 0:10:24]} Qh4 {[%clk 0:48:12]} 30.
Kh2 {[%clk 0:09:28]} Rb8 {[%clk 0:47:28]} 31. b3 {[%clk 0:09:26]} Rb7 {[%clk
0:45:51]} 32. Rc1 {[%clk 0:08:03]} Rg7 {[%clk 0:45:25]} 33. Rxc6 {[%clk 0:06:00]}
Rg4 {[%clk 0:45:50]} 34. Rxe6 {[%clk 0:04:48]} Bxf4+ {[%clk 0:46:11]} 35. Bxf4
{[%clk 0:05:10]} Rxf4 {[%clk 0:46:32]} 36. Re8+ {[%clk 0:05:01]} Kg7 {[%clk
0:46:49]} 37. Qg3+ {[%clk 0:02:51]} Qxg3+ {[%clk 0:46:51]} 38. Kxg3 {[%clk
0:03:17]} Rxd4 {[%clk 0:47:15]} 39. Re7+ {[%clk 0:03:33]} Kg6 {[%clk 0:47:26]}
40. Rxa7 {[%clk 0:03:28]} h5 {[%clk 0:47:40]} 41. Ra6+ {[%clk 0:02:16]} Kg5
{[%clk 0:45:31]} 42. Ra4 {[%clk 0:21:31]} Rd3+ {[%clk 1:16:31]} 43. Kg2 {[%clk
0:21:53]} Rd2+ {[%clk 1:15:17]} 44. Kf3 {[%clk 0:21:55]} Rd3+ {[%clk 1:10:21]}
45. Kg2 {[%clk 0:22:18]} Rd2+ {[%clk 1:08:52]} 46. Kf3 {[%clk 0:22:37]} Rd3+
{[%clk 1:08:52]} 1/2-1/2